000 00495nam a2200169 i 4500
001 142148
003 ES-MaACL
005 20230906200445.0
007 t|
008 071003s1932 sp a |||| | spa d
245 0 3 _aLa verdad sobre la Guardia Civil /
_cpor el Vigía de la Torre.
260 _aMadrid :
_bGráfica Universal,
_c1932.
300 _a154 p. :
_bil. ;
_c20 cm.
610 1 7 _aEspaña.
_bGuardia Civil.
_93805
700 0 _aVigía de la Torre.
_9114622
852 _aES-MaACL
_jA-779
999 _c142148
_d142148